Linear time ordering of bins using a conveyor system

A local food wholesaler company is using an automated commissioning system, which brings the bins containing the appropriate product to the commissioning counter, where the worker picks the needed amounts to 12 bins corresponding to the same number of orders. To minimize the number of bins to pick f...

Teljes leírás

Elmentve itt :
Bibliográfiai részletek
Szerzők: Makay Géza
Pluhár András
Dokumentumtípus: Cikk
Megjelent: 2019
Sorozat:Acta cybernetica 24 No. 2
Kulcsszavak:Yehuda-Fogel algoritmus, Algoritmus
Tárgyszavak:
doi:10.14232/actacyb.24.2.2019.2

Online Access:http://acta.bibl.u-szeged.hu/64708
LEADER 01614nab a2200241 i 4500
001 acta64708
005 20220621090836.0
008 200317s2019 hu o 0|| eng d
022 |a 0324-721X 
024 7 |a 10.14232/actacyb.24.2.2019.2  |2 doi 
040 |a SZTE Egyetemi Kiadványok Repozitórium  |b hun 
041 |a eng 
100 1 |a Makay Géza 
245 1 0 |a Linear time ordering of bins using a conveyor system  |h [elektronikus dokumentum] /  |c  Makay Géza 
260 |c 2019 
300 |a 187-195 
490 0 |a Acta cybernetica  |v 24 No. 2 
520 3 |a A local food wholesaler company is using an automated commissioning system, which brings the bins containing the appropriate product to the commissioning counter, where the worker picks the needed amounts to 12 bins corresponding to the same number of orders. To minimize the number of bins to pick from, they pick for several different spreading tours, so the order of bins containing the picked products coming from the commissioning counter can be considered random in this sense. Recently, the number of bins containing the picked orders increased over the available storage space, and it was necessary to find a new way of storing and ordering the bins to spreading tours. We developed a conveyor system which (after a preprocessing step) can order the bins in linear space and time. 
650 4 |a Természettudományok 
650 4 |a Számítás- és információtudomány 
695 |a Yehuda-Fogel algoritmus, Algoritmus 
700 0 1 |a Pluhár András  |e aut 
856 4 0 |u http://acta.bibl.u-szeged.hu/64708/1/cybernetica_024_numb_002_187-195.pdf  |z Dokumentum-elérés